| 000 | 01435cam a22003255a 4500 | ||
|---|---|---|---|
| 003 | EG-ScBUE | ||
| 005 | 20220228133659.0 | ||
| 008 | 081221s2005 ua f 000 j eng d | ||
| 020 | _a9774160258 | ||
| 020 | _a9789774160257 | ||
| 035 | _a(OCoLC)ocm63677206 | ||
| 040 |
_aEG-ScBUE _beng _erda _cEG-ScBUE _dEG-ScBUE |
||
| 041 | 1 |
_aeng _hara |
|
| 082 | 0 | 4 |
_a892.736 _bMAH _222 |
| 100 | 1 |
_aMaḥfūẓ, Najīb, _d1911-2006, _eauthor. |
|
| 245 | 1 | 4 |
_aThe seventh heaven : _bstories of the supernatural / _cNaguib Mahfouz ; translated by Raymond Stock. |
| 264 | 1 |
_aCairo : _bThe American University in Cairo Press, _c2005. |
|
| 300 |
_axxii, 151 pages ; _c21 cm. |
||
| 336 |
_2rdacontent _atext _btxt |
||
| 337 |
_2rdamedia _aunmediated _bn |
||
| 338 |
_2rdacarrier _avolume _bnc |
||
| 490 | 0 | _aModern Arabic literature | |
| 505 | 0 | _aThe seventh heaven -- The disturbing occurrences -- Room no. 12 -- The garden passage -- Forgetfulness -- Beyond the clouds -- The haunted wood -- The vapor of darkness -- A man of awesome power -- The only man -- The rose garden -- The reception hall -- A warning from afar -- Arabic text sources. | |
| 546 | _aText in English ; translated from original Arabic. | ||
| 650 | 7 |
_aShort stories, Arabic _y20th century _xTranslations into English. _2BUEsh |
|
| 653 |
_bARALIT _cAugust2015 |
||
| 655 |
_vReading book _934232 |
||
| 700 | 1 |
_aStock, Raymond T. _etranslator. _91516 |
|
| 942 |
_cBB _2ddc |
||
| 999 |
_c2676 _d2676 |
||